MARC details
| 000 -LEADER |
| campo de control de longitud fija |
01917cam a2200493 a 4500 |
| 001 - NÚMERO DE CONTROL |
| campo de control |
13447874 |
| 003 - IDENTIFICADOR DE NÚMERO DE CONTROL |
| campo de control |
BJBSDDR |
| 005 - FECHA Y HORA DE LA ÚLTIMA TRANSACCIÓN |
| campo de control |
20260421150822.0 |
| 007 - CAMPO FIJO DE DESCRIPCIÓN FÍSICA--INFORMACIÓN GENERAL |
| campo de control de longitud fija |
ta |
| 008 - DATOS DE LONGITUD FIJA--INFORMACIÓN GENERAL |
| campo de control de longitud fija |
040102s2011 nyu 000 1 eng |
| 010 ## - NÚMERO DE CONTROL DE LA BIBLIOTECA DEL CONGRESO |
| Número de control de LC |
2004041165 |
| 020 ## - NÚMERO INTERNACIONAL ESTÁNDAR DEL LIBRO |
| Número Internacional Estándar del Libro |
9780062073488 |
| 020 ## - NÚMERO INTERNACIONAL ESTÁNDAR DEL LIBRO |
| Número Internacional Estándar del Libro |
0062073486 |
| 035 ## - NÚMERO DE CONTROL DEL SISTEMA |
| Número de control de sistema |
13447874 |
| 040 ## - FUENTE DE CATALOGACIÓN |
| Centro catalogador/agencia de origen |
DLC |
| Centro/agencia transcriptor |
DLC |
| Centro/agencia modificador |
DLC |
| Lengua de catalogación |
eng |
| 041 ## - CÓDIGO DE IDIOMA |
| Código de lengua del texto/banda sonora o título independiente |
eng |
| 043 ## - CÓDIGO DE ÁREA GEOGRÁFICA |
| Código de área geográfica |
e-uk-en |
| 050 00 - SIGNATURA TOPOGRÁFICA DE LA BIBLIOTECA DEL CONGRESO |
| Número de ítem |
C555 2011 |
| 082 00 - NÚMERO DE LA CLASIFICACIÓN DECIMAL DEWEY |
| Número de clasificación |
823/.912 |
| Número de edición |
22 |
| 100 1# - ENTRADA PRINCIPAL--NOMBRE DE PERSONA |
| Nombre de persona |
Christie, Agatha, |
| Fechas asociadas al nombre |
1890-1976 |
| 9 (RLIN) |
24265 |
| 245 10 - MENCIÓN DEL TÍTULO |
| Título |
And then there were none / |
| Mención de responsabilidad, etc. |
Agatha Christie ; René Clair. |
| 250 ## - MENCION DE EDICION |
| Mención de edición |
1st St. Martin's Griffin ed. |
| 260 ## - PUBLICACIÓN, DISTRIBUCIÓN, ETC. |
| Lugar de publicación, distribución, etc. |
Chapel Hill : |
| Nombre del editor, distribuidor, etc. |
Harper, |
| Fecha de publicación, distribución, etc. |
2011. |
| 300 ## - DESCRIPCIÓN FÍSICA |
| Extensión |
300 pages ; |
| Dimensiones |
18 cm. |
| 336 ## - TIPO DE CONTENIDO |
| Término de tipo de contenido |
text |
| Código de tipo de contenido |
txt |
| Fuente |
rdacontent |
| 337 ## - TIPO DE MEDIO |
| Nombre/término del tipo de medio |
unmediated |
| Código del tipo de medio |
n |
| Fuente |
rdamedia |
| 338 ## - TIPO DE SOPORTE |
| Nombre/término del tipo de soporte |
volume |
| Código del tipo de soporte |
nc |
| Fuente |
rdacarrier |
| 500 ## - NOTA GENERAL |
| Nota general |
"Previously published as Ten little Indians." |
| 520 ## - RESUMEN, ETC. |
| Sumario, etc. |
Ten strangers, each with a dark secret, are gathered together on an isolated island by a mysterious host. One by one, they die, and before the weekend is out, there will be none. |
| 650 #0 - PUNTO DE ACCESO ADICIONAL DE MATERIA--TÉRMINO DE MATERIA |
| Término de materia o nombre geográfico como elemento de entrada |
Murder victims |
| Subdivisión de forma |
Fiction. |
| 650 #0 - PUNTO DE ACCESO ADICIONAL DE MATERIA--TÉRMINO DE MATERIA |
| Término de materia o nombre geográfico como elemento de entrada |
Millionaires |
| Subdivisión de forma |
Fiction. |
| 650 #0 - PUNTO DE ACCESO ADICIONAL DE MATERIA--TÉRMINO DE MATERIA |
| Término de materia o nombre geográfico como elemento de entrada |
Islands |
| Subdivisión de forma |
Fiction. |
| 651 #0 - PUNTO DE ACCESO ADICIONAL DE MATERIA--NOMBRE GEOGRÁFICO |
| Nombre geográfico |
Devon (England) |
| Subdivisión de forma |
Fiction. |
| 655 #7 - TERMINO DE INDIZACIÓN--GENERO/FORMA |
| Datos o término principal de género/forma |
Mystery fiction. |
| Fuente del término |
gsafd |
| 655 #7 - TERMINO DE INDIZACIÓN--GENERO/FORMA |
| Datos o término principal de género/forma |
Fiction. |
| Fuente del término |
lcgft |
| Número de control del registro de autoridad o número normalizado |
https://id.loc.gov/authorities/genreForms/gf2014026339 |
| 700 1# - ENTRADA AGREGADA--NOMBRE PERSONAL |
| Nombre de persona |
Clair, René, |
| Fechas asociadas al nombre |
1898-1981 |
| 9 (RLIN) |
48047 |
| 856 42 - LOCALIZACIÓN Y ACCESO ELECTRÓNICOS |
| Materiales especificados |
Contributor biographical information |
| Identificador Uniforme de Recursos |
<a href="http://www.loc.gov/catdir/bios/hol055/2004041165.html">http://www.loc.gov/catdir/bios/hol055/2004041165.html</a> |
| 856 42 - LOCALIZACIÓN Y ACCESO ELECTRÓNICOS |
| Materiales especificados |
Publisher description |
| Identificador Uniforme de Recursos |
<a href="http://www.loc.gov/catdir/description/hol053/2004041165.html">http://www.loc.gov/catdir/description/hol053/2004041165.html</a> |
| 906 ## - ELEMENTOS DE DATOS F LOCAL, LDF (RLIN) |
| a |
7 |
| b |
cbc |
| c |
orignew |
| d |
1 |
| e |
ocip |
| f |
20 |
| g |
y-gencatlg |
| 942 ## - ELEMENTOS DE ENTRADA SECUNDARIOS (KOHA) |
| Fuente del sistema de clasificación o colocación |
Clasificación de Library of Congress |
| Suprimir en OPAC |
No |
| Tipo de ítem Koha |
Libro |
| 946 ## - PROCESAMIENTO DE INFORMACIÓN LOCAL (OCLC) |
| Iniciales del agente catalogador |
rmza |